| 000 | 00361nam a22001457a 4500 | ||
|---|---|---|---|
| 003 | NUST | ||
| 038 | _aM.Ramzan | ||
| 040 | _cDLC | ||
| 082 |
_a371.91025 _bOIC |
||
| 100 |
_aInternational Business Center. _926335 |
||
| 245 | _aO/C educational Directory / | ||
| 260 |
_aMalysia: _bInternational Business Center, _c2010. |
||
| 300 | _a376 p, : | ||
| 942 |
_2ddc _cBK |
||
| 999 |
_c532765 _d532765 |
||